|
|
|
|
| LEADER |
00000nam a2200000 a 4500 |
| 005 |
2012022009569.0 |
| 007 |
cr|||| |||| |
| 008 |
030930s2003 sp |||||| 001 ||spa|c |
| 017 |
|
|
|a DL M. 27185-2003
|
| 020 |
|
|
|a 8497721594
|
| 035 |
|
|
|a 6261
|
| 040 |
|
|
|d vLex
|
| 090 |
|
|
|c 3002
|d 3002
|
| 100 |
1 |
|
|a Medina Alcoz, Mara̕
|
| 245 |
1 |
3 |
|a La Culpa de la vc̕tima en la produccin̤ del daǫ extracontractual
|h [Recurso electrn̤ico] /
|c Mara̕ Medina Alcoz
|
| 256 |
|
|
|a Servicio en ln̕ea
|
| 260 |
|
|
|a Madrid :
|b Dykinson,
|c cop. 2003
|
| 300 |
|
|
|a 1 recurso electrn̤ico
|
| 504 |
|
|
|a Bibliografa̕: p. [369]-413
|
| 506 |
1 |
|
|a Contenido solo disponible en los productos indicados
|d vLex Global
|d vLex Global (Academic Edition, excluding Law Schools)
|d vLex Global (U.S. Academic Edition, Law Schools)
|d vLex Global (U.S. Academic Edition, excluding Law Schools)
|d vLex Global (Academic Edition, Law Schools)
|
| 650 |
0 |
4 |
|a Daǫs y perjuicios
|z Espaą
|
| 650 |
0 |
4 |
|a Responsabilidad civil
|z Espaą
|
| 740 |
0 |
|
|a vLex Libros (Servicio en ln̕ea)
|
| 830 |
|
0 |
|a Monografa̕s de derecho civil.
|p III, Responsabilidad civil
|
| 856 |
4 |
0 |
|u http://vlex.com/source/culpa-victima-produccion-dano-extracontractual-6261
|z Acceso restringido
|
| 942 |
|
|
|c BOOK
|
| 999 |
0 |
|
|a Liability (Law)
|
| 999 |
0 |
|
|a Civil law
|
| 999 |
0 |
|
|a Damages
|